000 00407nam a2200145Ia 4500
008 240729s9999 xx 000 0 und d
022 _a2687-3788
245 0 _aJournal of Pedagogical Sociology and Psychology
260 _aTürkiye
260 _bOctagon Education Services
650 _aEducation
856 _uhttps://doaj.org/toc/0932a772961a4d499e477bc89205bbe0
942 _2ddc
942 _cDOAJEJ
999 _c68555
_d68555
945 _a1
_bMadushi Gamage
_c1
_dMadushi Gamage